Descripción geográfica de las islas Canarias / (Record no. 162686)

MARC details
000 -LEADER
campo de control de longitud fija 01693nam a22003015i 4500
001 - NÚMERO DE CONTROL
campo de control 162686
003 - IDENTIFICADOR DE NÚMERO DE CONTROL
campo de control ES-MaACL
005 - FECHA Y HORA DE LA ÚLTIMA TRANSACCIÓN
campo de control 20250808063541.0
008 - DATOS DE LONGITUD FIJA--INFORMACIÓN GENERAL
campo de control de longitud fija 050620s1897 sp | |||||||| ||spa d
040 ## - FUENTE DE CATALOGACIÓN
Centro catalogador/agencia de origen CAM
Lengua de catalogación spa
Centro/agencia transcriptor CAM
080 ## - NÚMERO DE LA CLASIFICACIÓN DECIMAL UNIVERSAL
Número de la Clasificación Decimal Universal 908(460.41)"18"
080 ## - NÚMERO DE LA CLASIFICACIÓN DECIMAL UNIVERSAL
Número de la Clasificación Decimal Universal 913(460.41)"18"
100 1# - ENTRADA PRINCIPAL--NOMBRE DE PERSONA
Nombre de persona Puerta Canseco, Juan de la,
Fechas asociadas al nombre 1827-1902
Término indicativo de función/relación Autor
9 (RLIN) 94174
245 10 - MENCIÓN DEL TÍTULO
Título Descripción geográfica de las islas Canarias /
Mención de responsabilidad, etc. por D. Juan de la Puerta Canseco
250 ## - MENCION DE EDICION
Mención de edición Nueva ed. corr. y aum.
260 ## - PUBLICACIÓN, DISTRIBUCIÓN, ETC.
Lugar de publicación, distribución, etc. Santa Cruz de Tenerife :
Nombre del editor, distribuidor, etc. Anselmo J. Benítez,
Fecha de publicación, distribución, etc. 1897
300 ## - DESCRIPCIÓN FÍSICA
Extensión 92 páginas, [25] hojas de láminas, [1] hoja plegada de mapa ;
Dimensiones 22 cm
530 ## - NOTA DISPONIBLE DE FORMULARIO FÍSICO ADICIONAL
Nota de formato físico adicional disponible Disponible en formato digital
599 ## - NOTA A LAS ILUSTRACIONES
NOTA A LAS ILUSTRACIONES Láminas, fotografías de: Santa Cruz de Tenerife; Teide (Volcán); Santa Cruz de Tenerife (Puerto); Santa Cruz de Tenerife; La Laguna (Tenerife); La Orotava (Valle); La Orotava (Tenerife); Tenerife; Gran Canaria (Puerto); Gran Canaria; p. 54. Gando (Gran Canaria); Las Palmas de Gran Canaria; Tafira (Gran Canaria); Santa María de Guía (Gran Canaria); Gran Canaria. Fabrica azucarera; Santa Cruz de la Palma (La Palma); La Caldera de Taburiente (Parque nacional); Arrecife (Lanzarote); Puerto del Rosario (Fuerteventura); San Sebastián de la Gomera; Valverde (Hierro)
599 ## - NOTA A LAS ILUSTRACIONES
NOTA A LAS ILUSTRACIONES Mapa del archipiélago canario: islas Canarias
651 #4 - PUNTO DE ACCESO ADICIONAL DE MATERIA--NOMBRE GEOGRÁFICO
Nombre geográfico Canarias-
Subdivisión general Descripción-
Subdivisión cronológica S.XIX
9 (RLIN) 241649
852 ## - LOCALIZACIÓN
Ubicación ES-MaACL
Ubicación en estantería Depósito folletos
Número de control de estantería 1597-F-11
856 4# - LOCALIZACIÓN Y ACCESO ELECTRÓNICOS
Identificador Uniforme de Recursos <a href="https://bdh-rd.bne.es/viewer.vm?id=0000000215&page=1">https://bdh-rd.bne.es/viewer.vm?id=0000000215&page=1</a>
Texto de enlace Versión en línea
Nota pública (Biblioteca Digital Hispánica)
942 ## - ELEMENTOS DE ENTRADA SECUNDARIOS (KOHA)
Fuente del sistema de clasificación o colocación Clasificación decimal universal
Tipo de ítem Koha Folleto
Suprimir en OPAC No
Holdings
Estatus retirado Estado de pérdida Fuente del sistema de clasificación o colocación Estado de daño No para préstamo Colección Biblioteca de origen Biblioteca actual Ubicación en estantería Fecha de adquisición Total de préstamos Signatura topográfica completa Código de barras Visto por última vez Precio de reemplazo Tipo de ítem Koha
    Clasificación decimal universal     Colección digital Biblioteca del Ateneo de Madrid Biblioteca del Ateneo de Madrid Depósito folletos 17/01/2008   1597-F-11 1170441 23/02/2023 23/02/2023 Folleto